| 000 | 00807nam a22002417a 4500 | ||
|---|---|---|---|
| 999 |
_c20789 _d20789 |
||
| 003 | AR-CdUCM | ||
| 008 | 190605b ||||| |||| 00| 0 spa d | ||
| 040 |
_aMUNICIPALIDAD PROVINCIAL DEL CUSCO _cBIBLIOTECA MUNICIPAL DEL CUSCO |
||
| 082 |
_a910.9185 / _bR35 |
||
| 110 |
_aInstituto nacional de estadística _943415 |
||
| 245 | _aRegión Inka en cifras / | ||
| 260 |
_aCusco : _bOffset de la corde, _c1990. |
||
| 300 |
_a64 páginas ; _bCuadros, _c32 cm. |
||
| 440 |
_aLa municipalidad del Cusco _943416 |
||
| 505 | _aContenido : Territorio y población -- Educación, cultura e infraestructura deportiva... | ||
| 650 |
_aPerú _935 |
||
| 650 |
_aDepartamentos _914667 |
||
| 650 |
_aPoblación _93673 |
||
| 650 |
_aDemografía _91556 |
||
| 650 |
_aTurismo _94560 |
||
| 942 |
_2ddc _cLIBROS |
||
| 945 | _arcc | ||